000 00737nam a2200181 a 4500
001 000027540
005 20200930030916.0
008 110401s1979 dr ab 000 0 spa d
040 _aDO-SdBNP
_bspa
_cBNPHU
100 1 _aJennings, Penelope
_954630
245 1 0 _aRecursos energéticos de bosques secos en la República Dominicana /
_cPenelope Jennings, Benito A. Ferreiras.
260 _aSantiago de los Caballeros , República Dominicana :
_bInstituto Superior de Agricultura,
_c1979.
300 _a119 p. :
_bil. ;
_c28 dcm.
500 _aBibliografía : p. 118- 119
700 1 _aFerreiras, Benito A.
_919607
710 2 _aCentro de Investigaciones Económicas y Alimenticias
_bInstituto Superior de Agricultura
_954631
049 _aBNPD
999 _c27032
_d27032